000 00324nam a2200145 i 4500
001 bg
100 1 _aPARS, L. A.
245 0 _aAnaliticeskaja dinamika /
_cL.A. Pars.
260 _aMoskwa :
_b"Nauka",
_c1971.
040 _cBPK
041 _apol
080 _a531
942 _cKS
008 s pl f |000 0 pol
999 _c9145
_d9145
856 _uhttp://koha.tu.koszalin.pl/cgi-bin/koha/opac-detail.pl?biblionumber=9145
_yKatalog online BPK